000 00602nam a2200205Ia 4500
005 20250923145715.0
008 008 250917s9999 xx 000 0 eng d
037 _aTextual
040 _aDSWL
_beng
_cDSWL
041 _aeng
_2eng
084 _aY:10bQ, N82
_qDSWL
100 _aYinger, J.M.
_9838178
245 0 _aCounter cultures : The promise peril of a world turned upside down
_c by J.M.Yinger
260 _aNew York
_b Free Press
_c1982
300 _axi,371 p.
365 _aINR
_b153.85
925 _g153.85
942 _cTEXL
_hY:10bQ, N82
999 _c1454605
_d1454605